Biggest lego sets - Statistics

General Stats
  • This quiz has been taken 95 times
  • The average score is 9 of 16
Answer Stats
Picture Answer % Correct
eiffel tower
96%
titanic
90%
death star
81%
hogwarts
73%
taj mahal
72%
world map
68%
at-at
64%
avengers tower
64%
disney castle
59%
millennium falcon
54%
hogwarts express
44%
daily bugle
38%
diagon ally
38%
ninjago
29%
coliseum
22%
baradur
9%
No matching quizzes found
Score Distribution
Percent of People with Each Score
Percentile by Number Answered
Your Score History
You have not taken this quiz